000 00331nam a2200145Ia 4500
005 20251222144701.0
008 251222s9999||||xx |||||||||||||| ||spa||
020 _a88-04-42137-1
082 _a264.4/L29
100 _aLaurentin, René
245 0 _aLourdes:
250 _a1ra. ed.
264 _bArnoldo Mondadori
942 _cLIB
999 _c17436
_d17436